El cantar de Rolando
Tallennettuna:
| Aineistotyyppi: | Kirja |
|---|---|
| Kieli: | espanja |
| Julkaistu: |
Santiago
Nascimento
1975
|
| Painos: | 1a. ed |
| Sarja: | Biblioteca Popular Nascimento
|
| Aiheet: | |
| Tagit: |
Lisää tagi
Ei tageja, Lisää ensimmäinen tagi!
|
MARC
| LEADER | 00000cam a2200000 a 4500 | ||
|---|---|---|---|
| 001 | UCQ0781 | ||
| 003 | CL-VaPUC | ||
| 008 | 980703e19750000CL |||||||||||||||||spa|d | ||
| 082 | 0 | 4 | |a 841 |b CAN |2 21 |
| 245 | 1 | 3 | |a El cantar de Rolando |
| 250 | |a 1a. ed | ||
| 300 | |a 246 p | ||
| 942 | |c BK | ||
| 945 | |d 19980703 00:00:00 |a lriquelm | ||
| 260 | |a Santiago |b Nascimento |c 1975 | ||
| 650 | 7 | |a POESIAS EPICAS FRANCESAS |2 CL-VaPUC |9 267209 | |
| 650 | 0 | |a Literatura francesa |9 266330 | |
| 583 | |a last modification |c 20120618 06:36:03 |k Rodrigo Vera | ||
| 490 | 0 | |a Biblioteca Popular Nascimento | |
| 999 | |c 271813 |d 271811 | ||
| 952 | |0 0 |1 0 |4 0 |6 841_000000000000000_CAN_1975 |7 0 |8 A |9 306583 |a BIBEDU |b BIBEDU |d 2019-11-20 |i 1431676 |o 841 CAN 1975 |p 1431676 |r 2019-11-20 |w 2019-11-20 |y BK |k LIT | ||
| 952 | |0 0 |1 0 |4 0 |6 841_000000000000000_CAN_1975 |7 0 |8 A |9 306585 |a BIBART |b BIBART |d 2019-11-20 |i 4811550 |o 841 CAN 1975 |p 4811550 |r 2025-03-13 |w 2019-11-20 |y BK |k ART | ||